| 000 | 00788nas a2200265 4500 | ||
|---|---|---|---|
| 001 | BR2012003591 | ||
| 003 | BR-BrBNA | ||
| 005 | 20231205120545.0 | ||
| 007 | ta | ||
| 008 | 230509b bl.|||p| |||| 00| 00por d | ||
| 040 |
_aBR-BrBNA _bpor _cBiblioteca Nacional de Agricultura |
||
| 041 | _a(Pt) | ||
| 072 | _aF70 | ||
| 100 | 1 | _aStrehl, T. | |
| 245 | 1 | _aNovos táxons de Tillandsia subgênero Anoplophytum (Bromeliaceae)Rio Grande do Sul | |
| 650 | _aBROMELIACEAE | ||
| 650 | _aBROMÉLIA | ||
| 650 | _aRIO GRANDE DO SUL | ||
| 650 | _aHABITAT | ||
| 650 | _aFENOLOGIA | ||
| 650 | _aANÁLISE FOLIAR | ||
| 773 | 0 |
_tIheringia. Série Botânica (Brazil) _xISSN 0073-4705 _g(Dec 2000), v.54 p. 19-44 _wBR2012003591 |
|
| 909 |
_a202311 _bLúcia _c55 _dLúcia Elande |
||
| 942 |
_2AGRIS _n0 _cANA |
||
| 999 |
_c219114 _d219114 |
||